| 000 | 00465nam a22001937a 4500 | ||
|---|---|---|---|
| 005 | 20250219164415.0 | ||
| 008 | 200213b1999 xxu||||| |||| 00| 0 spa d | ||
| 041 | _aESP | ||
| 082 | _aR 657.03 D545d | ||
| 245 | _aDiccionario de contabilidad y finanzas | ||
| 260 | _aEspaña | ||
| 260 | _bCultural S.A. | ||
| 260 | _c1999 | ||
| 300 | _a392 páginas | ||
| 650 | _aDIRECCIÓN DE EMPRESAS | ||
| 650 | _aCONTABILIDAD | ||
| 650 | _aFINANZAS | ||
| 942 |
_cREF _2ddc |
||
| 999 |
_c12585 _d12585 |
||